| 000 | nam a22 7a 4500 | ||
|---|---|---|---|
| 999 |
_c15885 _d15885 |
||
| 008 | 161107b xxu||||| |||| 00| 0 eng d | ||
| 020 | _a9780691147666 | ||
| 050 | _aN 6923 .B9B345 2011 | ||
| 100 | _aBarkan,Leonard | ||
| 245 |
_aMichelangelo : _ba life on paper/ _cLeonard Barkan |
||
| 260 |
_aPrinceton,New Jersey : _bPrinceton University Press , _cc2011 |
||
| 300 |
_axvi,368p. : _bill. ; |
||
| 500 | _aIncludes index and reference. | ||
| 650 |
_aMichelangelo Buonarroti,1475-1564 _xCriticism and interpretation |
||
| 650 |
_aMichelangelo Buonarroti,1475-1564 _xPsychology |
||
| 942 |
_2lcc _cBOOKS _hN 6923 .B9B345 2011 |
||